THE CODE OF CRIMINAL PROCEDURE (Record no. 195234)

MARC details
000 -LEADER
fixed length control field 00381nam a2200157Ia 4500
008 - FIXED-LENGTH DATA ELEMENTS--GENERAL INFORMATION
fixed length control field 220923s9999 xx 000 0 und d
020 ## - INTERNATIONAL STANDARD BOOK NUMBER
International Standard Book Number 978-81-8038-916-0
082 ## - DEWEY DECIMAL CLASSIFICATION NUMBER
Item number VEN
100 ## - MAIN ENTRY--PERSONAL NAME
Personal name VENKATACHALIAH, M.N.
245 #4 - TITLE STATEMENT
Title THE CODE OF CRIMINAL PROCEDURE
250 ## - EDITION STATEMENT
Edition statement 19TH
260 ## - PUBLICATION, DISTRIBUTION, ETC.
Name of publisher, distributor, etc. LEXIS NEXIS, GURGAON
Date of publication, distribution, etc. 2013
300 ## - PHYSICAL DESCRIPTION
Extent 2374
650 ## - SUBJECT ADDED ENTRY--TOPICAL TERM
Topical term or geographic name entry element Criminal Law
942 ## - ADDED ENTRY ELEMENTS (KOHA)
Koha item type Book
Holdings
Withdrawn status Lost status Damaged status Not for loan Home library Current library Shelving location Date acquired Cost, normal purchase price Total Checkouts Total Renewals Barcode Date last seen Date last checked out Price effective from Koha item type Public note
        Mewar University Central Library Mewar University Central Library Law 18/11/2014 2195.00 3   L3796 06/10/2022 06/10/2022 18/11/2014 Reference Reference Law R-14 S-2